000 00481pab a2200157 454500
008 180718b1985 xxu||||| |||| 00| 0 eng d
100 _aBhargawa, B.S.
245 _aMunicipal corporations in Karnataka
_bA study of Bangalore Municipal Corporation
260 _c1985
300 _a110-19
362 _aApr.-June
650 _aMunicipal Government - India - Karnataka
700 _aK. Subha
773 _aQuarterly Journal of the Local Self Government Institute
909 _a13925
999 _c13925
_d13925